[Event "Sitges Sunway op 4th"]
[Site "Sitges"]
[Date "2017.12.23"]
[Round "9"]
[White "Kholopov, Alexander A"]
[Black "Das, Sayantan"]
[Result "0-1"]
[WhiteElo "2292"]
[BlackElo "2442"]
[PlyCount "98"]
[EventDate "2017.12.15"]
[EventType "swiss"]
[EventRounds "9"]
[EventCountry "ESP"]
[SourceTitle "CBM 182 Extra"]
[Source "ChessBase"]
[SourceDate "2018.02.23"]
[SourceVersion "1"]
[SourceVersionDate "2018.02.23"]
[SourceQuality "1"]

1. Nf3 c5 2. c4 Nc6 3. Nc3 Nd4 4. Nxd4 cxd4 5. Nb5 e5 6. e3 a6 7. Na3 Qh4 8. Be2 Nf6 9. 0-0 dxe3 10. dxe3 Be7 11. b3 0-0 12. Bb2 Rd8 13. Qc1 d6 14. Nb1 Be6 15. Nc3 Rac8 16. Qb1 Bd7 17. Rd1 h5 18. Qd3 Bc6 19. Nd5 Bxd5 20. cxd5 Rc5 21. g3 Qg5 22. Bf3 Nd7 23. h4 Qh6 24. Rac1 g5 25. Qf5 gxh4 26. Qxh5 Qxh5 27. Bxh5 hxg3 28. fxg3 Bg5 29. Kf2 f5 30. b4 Rcc8 31. Bg6 Rxc1 32. Rxc1 Nb6 33. Bxf5 Rf8 34. g4 Nxd5 35. Ke2 Nxe3 36. Be6+ Kg7 37. Rc7+ Kf6 38. Bb3 Rh8 39. Bc1 Nxg4 40. Bxg5+ Kxg5 41. Rxb7 e4 42. Bc4 Rh2+ 43. Ke1 Ne5 44. Bxa6 Rxa2 45. Rb6 d5 46. Bb7 Nd3+ 47. Kf1 e3 48. Re6 Rf2+ 49. Kg1 e2 0-1

[Event "Sitges Sunway op 4th"]
[Site "Sitges"]
[Date "2017.12.17"]
[Round "3"]
[White "Kholopov, Alexander A"]
[Black "Romanishin, Oleg M"]
[Result "1/2-1/2"]
[WhiteElo "2292"]
[BlackElo "2458"]
[PlyCount "48"]
[EventDate "2017.12.15"]
[EventType "swiss"]
[EventRounds "9"]
[EventCountry "ESP"]
[SourceTitle "CBM 182 Extra"]
[Source "ChessBase"]
[SourceDate "2018.02.23"]
[SourceVersion "1"]
[SourceVersionDate "2018.02.23"]
[SourceQuality "1"]

1. d4 Nf6 2. c4 e6 3. Nc3 Bb4 4. Qc2 d5 5. cxd5 Qxd5 6. e3 c5 7. Bd2 Bxc3 8. Bxc3 cxd4 9. Bxd4 Nc6 10. Bxf6 gxf6 11. Ne2 Bd7 12. a3 Qa5+ 13. Qc3 Rc8 14. Qxa5 Nxa5 15. Nc3 Ke7 16. Rd1 Nc4 17. Bxc4 Rxc4 18. Ke2 Bc6 19. f3 b5 20. Rd4 Rxd4 21. exd4 Rg8 22. g3 f5 23. Ke3 a5 24. Rc1 Kd6 1/2-1/2